000 00829nam a2200217Ia 4500
003 GCL
008 140319s9999 xx 000 0 ara d
020 _a5514800977
040 _aGCL /
_cGCL
082 0 4 _a301.242
_bم ع
100 1 _aمحمد يسرى ابراهيم دعبس
245 1 0 _aالعلاقات الاجتماعية للسائح '' رؤية فى انثروبولوجيا السياحة '' /
_cمحمد يسرى ابراهيم دعبس
260 _aالقاهرة :
_bالمؤلف ،
_c1993
300 _a155 ص ؛
_c24 سم
490 _aعلم الانسان وقضايا المجتمع
_v11
650 0 4 _aالسياحة
650 0 4 _aالجوانب الاجتماعية
650 0 4 _aالعلاقات العامة
650 0 4 _aالانثربولوجيا الاجتماعية الو
942 _2ddc
_cBK
999 _c27619
_d27619